| 000 | 00528cam a22002291 4500 | ||
|---|---|---|---|
| 001 | sa 63002094 | ||
| 003 | DLC | ||
| 005 | 20260227111932.0 | ||
| 008 | 890713s1962 ii 000 0 hino | ||
| 010 | _asa 63002094 | ||
| 035 | _a(OCoLC)20006631 | ||
| 040 |
_aDLC _cWaU _dDLC |
||
| 042 | _apremarc | ||
| 043 | _aa-ii--- | ||
| 050 | 0 | 0 |
_aDS434 _b.K75 |
| 100 | 0 |
_aKshem Chandra, _d1917- |
|
| 245 | 1 | 0 | _aJīvana-jyoti. |
| 260 | _c[1962] | ||
| 300 |
_a157 p. _c19 cm. |
||
| 500 | _aIn Hindi. | ||
| 651 | 0 |
_aIndia _vBiography. |
|
| 999 |
_c54315 _d54315 |
||